10 losowych Flag świata - Statystyki

Ogólne statystyki
  • Ten quiz został rozwiązany 1 226 razy
  • Średni wynik to 6 z 10
Statystyki odpowiedzi
Obrazkowy Hint Odpowiedź % Poprawnych
Brazylia
100%
Czarnogóra
100%
Czechy
100%
Kanada
100%
Kuba
100%
Luksemburg
100%
Meksyk
100%
Norwegia
100%
Rosja
100%
Stany Zjednoczone
100%
Izrael
96%
Polska
96%
Islandia
95%
Argentyna
94%
Bangladesz
94%
Portugalia
94%
Chiny
93%
Francja
93%
Grecja
93%
Malta
93%
San Marino
93%
Singapur
93%
Austria
92%
Bośnia i Hercegowina
92%
Jamajka
92%
Turcja
92%
Włochy
92%
Belgia
91%
Gruzja
91%
Monako
91%
Chile
90%
Chorwacja
90%
Japonia
90%
Watykan
90%
Indie
89%
Macedonia Północna
89%
Kazachstan
88%
Senegal
88%
Serbia
88%
Ukraina
88%
Wielka Brytania
88%
Egipt
87%
Filipiny
87%
Anglia
86%
Armenia
86%
Liechtenstein
86%
Szwecja
86%
Hiszpania
85%
Irlandia
85%
Katar
85%
Niemcy
85%
Andora
83%
Dania
83%
Indonezja
83%
Maroko
83%
Szwajcaria
83%
Litwa
82%
Azerbejdżan
81%
Bułgaria
81%
Finlandia
81%
Korea Południowa
81%
Nigeria
81%
Albania
80%
Arabia Saudyjska
80%
Barbados
80%
Kolumbia
80%
Paragwaj
80%
Surinam
80%
Tajwan
80%
Cypr
79%
Pakistan
79%
Peru
79%
Tunezja
79%
Walia
79%
Estonia
78%
Kenia
77%
Słowenia
77%
Holandia
76%
Wyspy Owcze
76%
Białoruś
75%
Dominika
75%
Grenlandia
75%
Irak
75%
Łotwa
75%
Malawi
75%
Panama
75%
Salwador
75%
Urugwaj
75%
Węgry
75%
Dominikana
73%
Iran
73%
Republika Południowej Afryki
73%
Słowacja
73%
Wenezuela
72%
Australia
71%
Gabon
71%
Kiribati
71%
Liban
71%
Mongolia
71%
Uganda
71%
Mozambik
70%
Wietnam
70%
Ghana
69%
Korea Północna
69%
Mołdawia
69%
Oman
69%
Turkmenistan
69%
Vanuatu
69%
Angola
67%
Bahrajn
67%
Haiti
67%
Kosowo
67%
Libia
67%
Malezja
67%
Zjednoczone Emiraty Arabskie
67%
Komory
64%
Mali
64%
Rumunia
64%
Syria
64%
Demokratyczna Republika Konga
63%
Jemen
63%
Nowa Zelandia
63%
Palestyna
63%
Sri Lanka
63%
Etiopia
62%
Malediwy
62%
Wybrzeże Kości Słoniowej
62%
Papua Nowa Gwinea
61%
Ekwador
60%
Gibraltar
60%
Kostaryka
60%
Sudan
60%
Zimbabwe
59%
Czad
58%
Hongkong
57%
Nepal
57%
Szkocja
57%
Bhutan
56%
Erytrea
56%
Fidżi
56%
Grenada
56%
Irlandia Północna
56%
Makau
56%
Republika Środkowoafrykańska
56%
Wyspa Man
56%
Algieria
55%
Jersey
55%
Seszele
55%
Tadżykistan
55%
Sierra Leone
54%
Brunei
53%
Nauru
53%
Saint Lucia
53%
Somalia
53%
Antigua i Barbuda
50%
Burundi
50%
Jordania
50%
Kongo
50%
Lesotho
50%
Liberia
50%
Mauretania
50%
Mauritius
50%
Mikronezja
50%
Tanzania
50%
Burkina Faso
47%
Dżibuti
47%
Samoa
47%
Honduras
46%
Madagaskar
46%
Niue
46%
Rwanda
45%
Tonga
45%
Uzbekistan
45%
Zambia
45%
Portoryko
44%
Gambia
43%
Guam
43%
Mjanma
43%
Botswana
42%
Niger
42%
Tuvalu
42%
Wyspy Marshalla
42%
Kamerun
41%
Republika Zielonego Przylądka
41%
Bahamy
40%
Kirgistan
40%
Nikaragua
40%
Gwinea Bissau
38%
Laos
38%
Saint Vincent i Grenadyny
38%
Belize
36%
Benin
36%
Boliwia
36%
Sudan Południowy
36%
Wyspy Kokosowe
35%
Eswatini
33%
Gwadelupa
33%
Gwatemala
33%
Wake
33%
Wyspy Salomona
33%
Timor Wschodni
31%
Togo
31%
Afganistan
30%
Kuwejt
30%
Palau
30%
Gujana
29%
Kambodża
29%
Tajlandia
29%
Wyspy Cooka
29%
Saint Kitts i Nevis
28%
Johnston
27%
Gwinea
25%
Holandia Karaibska
25%
Trynidad i Tobago
25%
Wyspa Norfolk
25%
Wyspy Dziewicze Stanów Zjednoczonych
25%
Wyspa Bożego Narodzenia
21%
Kajmany
20%
Majotta
20%
Namibia
20%
Mariany Północne
18%
Tokelau
18%
Bermudy
17%
Curaçao
17%
Francuskie Terytoria Południowe i Antarktyczne
17%
Gujana Francuska
17%
Samoa Amerykańskie
17%
Sint Maarten
17%
Wyspy Świętego Tomasza i Książęca
17%
Montserrat
15%
Turks i Caicos
15%
Wyspa Wniebowstąpienia
14%
Antarktyka
13%
Aruba
12%
Sint Eustatius
12%
To nie Norwegia Wyspa Bouveta
12%
Guernsey
11%
Gwinea Równikowa
11%
Nowa Kaledonia
11%
Sahara Zachodnia
11%
Wallis i Futuna
9%
Brytyjskie Wyspy Dziewicze
8%
Martynika
8%
Pitcairn
8%
Polinezja Francuska
8%
To nie Francja Saint Martin
8%
Wyspy Alandzkie
8%
Reunion
5%
Wyspa Clippertona
5%
Akrotiri
0%
Anguilla
0%
Brytyjskie Terytorium Antarktyczne
0%
Brytyjskie Terytorium Oceanu Indyjskiego
0%
To nie USA Dalekie Wyspy Mniejsze Stanów Zjednoczonych
0%
Dhekelia
0%
Falklandy
0%
Georgia Południowa i Sandwich Południowy
0%
Howland, Jarvis i Baker
0%
Kingman
0%
Midway
0%
Navassa
0%
Palmyra
0%
Saba
0%
Saint-Barthélemy
0%
Saint Pierre i Miquelon
0%
To nie Norwegia Svalbard i Jan Mayen
0%
Tristan da Cunha
0%
Wyspa Świętej Heleny
0%
To nie Australia Wyspy Heard i McDonalda
0%
Nie znaleziono quizów pasujących do podanych kryteriów
Rozkład punktacji
Procent ludzi z każdym wynikiem
Percentyl według liczby udzielonych odpowiedzi
Twoja historia wyników
Nie rozwiązałeś tego quizu